|
|
|
|
| LEADER |
00000nam a2200000 i 4500 |
| 001 |
DIGEPUJ0452 |
| 003 |
NyNyDIG |
| 007 |
cr ||||||||||| |
| 008 |
241212s2023 ck a ob 000 0 spa d |
| 006 |
m o d |
| 035 |
|
|
|a (OCoLC)1456762960
|
| 040 |
|
|
|a DGITA
|b eng
|e rda
|e pn
|c DGITA
|
| 020 |
|
|
|a 9789587817980
|q (digital)
|
| 020 |
|
|
|z 9789587818574
|q (impreso)
|
| 024 |
7 |
|
|a 10.11144/Javeriana.9789587817980
|2 doi
|
| 043 |
|
|
|a e-sp---
|a s-ck---
|
| 050 |
1 |
4 |
|a DP233 ebook
|
| 245 |
0 |
4 |
|a Los desafíos de la nación :
|b una aproximación histórica a los procesos de construcción nacional en España y Colombia /
|c Amada Carolina Pérez Benavides, Manuel Suárez Cortina, editores académicos.
|
| 250 |
|
|
|a Primera edición.
|
| 264 |
|
1 |
|a Bogotá, D.C. :
|b Editorial Pontificia Universidad Javeriana,
|c [2023]
|
| 300 |
|
|
|a 1 online resource :
|b illustrations.
|
| 336 |
|
|
|a text
|b txt
|2 rdacontent
|
| 337 |
|
|
|a computer
|b c
|2 rdamedia
|
| 338 |
|
|
|a online resource
|b cr
|2 rdacarrier
|
| 347 |
|
|
|a text file
|2 rdaft
|
| 347 |
|
|
|b PDF
|
| 347 |
|
|
|b EPUB
|
| 504 |
|
|
|a Includes bibliographical references.
|
| 588 |
0 |
|
|a Online resource; title from PDF title page (Digitalia, viewed December 12, 2024)
|
| 650 |
|
0 |
|a Nation-building
|z Spain
|y 19th century.
|
| 650 |
|
0 |
|a Nation-building
|z Colombia
|y 19th century.
|
| 650 |
|
0 |
|a Nation-building
|z Spain
|y 20th century.
|
| 650 |
|
0 |
|a Nation-building
|z Colombia
|y 20th century.
|
| 651 |
|
0 |
|a Spain
|x History
|y 19th century.
|
| 651 |
|
0 |
|a Colombia
|x History
|y 19th century.
|
| 651 |
|
0 |
|a Spain
|x History
|y 20th century.
|
| 651 |
|
0 |
|a Colombia
|x History
|y 20th century.
|
| 650 |
|
0 |
|a Nation-state.
|
| 650 |
|
0 |
|a Nationalism.
|
| 700 |
1 |
|
|a Pérez Benavides, Amada Carolina,
|e editor.
|
| 700 |
1 |
|
|a Suárez Cortina, Manuel,
|e editor.
|
| 791 |
2 |
|
|a Digitalia (Firm),
|e distributor.
|
| 793 |
0 |
|
|g Digitalia eBook Collection:
|a Pontificia Universidad Javeriana
|
| 776 |
0 |
8 |
|i Print version:
|t Desafíos de la nación.
|b Primera edición.
|d Bogotá, D.C. : Editorial Pontificia Universidad Javeriana, [2023]
|z 9789587818574
|
| 856 |
4 |
0 |
|3 Digitalia Hispánica
|u https://www.digitaliapublishing.com/a/160896/
|
| 910 |
|
|
|a Premium collection: 2024
|